[Event "NATO-ch 32nd"]
[Site "Tartu"]
[Date "2022.06.27"]
[Round "1"]
[White "Kocur, Marc"]
[Black "Cichy, Kamil"]
[Result "0-1"]
[WhiteElo "1835"]
[BlackElo "2179"]
[PlyCount "40"]
[EventDate "2022.06.27"]
[EventType "swiss"]
[EventRounds "7"]
[EventCountry "EST"]
[SourceTitle "CBM 209 Extra"]
[Source "ChessBase"]
[SourceDate "2022.09.30"]
[SourceVersion "1"]
[SourceVersionDate "2022.09.30"]
[SourceQuality "1"]

1. d4 Nf6 2. Bf4 d6 3. Nc3 Bf5 4. f3 d5 5. g4 Bg6 6. e3 e6 7. Bd3 c5 8. h4 c4 9. h5 Bxh5 10. g5 cxd3 11. gxf6 Bg6 12. fxg7 Bxg7 13. cxd3 Nc6 14. Qb3 Qb6 15. Nb5 0-0 16. Bc7 Qa6 17. Ne2 Rac8 18. Nf4 Rxc7 19. Nxc7 Qa5+ 20. Qc3 Qxc7 0-1

[Event "Mittelrhein Verbandsliga-W 18/19"]
[Site "Nordrheinwestfalen"]
[Date "2019.01.20"]
[Round "6.7"]
[White "Kocur, Marc"]
[Black "Raabe, Joachim"]
[Result "1-0"]
[WhiteElo "1819"]
[BlackElo "1799"]
[PlyCount "85"]
[EventDate "2018.09.02"]
[EventType "team-tourn"]
[EventRounds "11"]
[EventCountry "GER"]
[SourceTitle "EXT 2022"]
[Source "ChessBase"]
[SourceDate "2021.10.06"]
[SourceVersion "1"]
[SourceVersionDate "2021.10.06"]
[SourceQuality "1"]
[WhiteTeam "Uebach Palenberg"]
[BlackTeam "Bruehl III"]
[WhiteTeamCountry "GER"]
[BlackTeamCountry "GER"]

1. c4 c5 2. g3 Nc6 3. Bg2 Nf6 4. Nc3 g6 5. Nf3 Bg7 6. 0-0 0-0 7. a3 e6 8. e3 d5 9. cxd5 Nxd5 10. Qc2 Nxc3 11. dxc3 Qe7 12. e4 e5 13. b4 Be6 14. Bg5 f6 15. Be3 b6 16. bxc5 bxc5 17. Qa4 Rfc8 18. Rab1 Bf8 19. Rb5 Nd8 20. Ra5 Qf7 21. Rb1 Bd7 22. Qd1 Be6 23. Bf1 Nb7 24. Ra6 Rd8 25. Qc2 Rd6 26. Nd2 Rxa6 27. Bxa6 Nd8 28. Qa4 Bd7 29. Bb5 Be6 30. Be8 Qc7 31. Nc4 Rb8 32. Rd1 Nf7 33. Bc6 Bxc4 34. Rd7 Rb1+ 35. Kg2 Qb6 36. Qxc4 Qb3 37. Bd5 Qxc4 38. Bxc4 Rb8 39. Rxf7 Kh8 40. Rxa7 Bg7 41. Bxc5 Rc8 42. Bd5 h5 43. Ra8 1-0

[Event "NATO-ch 27th"]
[Site "Shrivenham"]
[Date "2016.08.26"]
[Round "7"]
[White "Van Run, Rieke"]
[Black "Kocur, Marc"]
[Result "1/2-1/2"]
[WhiteElo "2102"]
[BlackElo "1912"]
[PlyCount "22"]
[EventDate "2016.08.22"]
[EventType "swiss"]
[EventRounds "7"]
[EventCountry "ENG"]
[SourceTitle "EXT 2018"]
[Source "ChessBase"]
[SourceDate "2017.10.13"]
[SourceVersion "1"]
[SourceVersionDate "2017.10.13"]
[SourceQuality "1"]

1. e4 d5 2. exd5 Nf6 3. Nc3 Nxd5 4. Nxd5 Qxd5 5. Qf3 c6 6. Qxd5 cxd5 7. d4 Nc6 8. c3 a6 9. Bf4 f6 10. Nf3 Bg4 11. Be2 e5 1/2-1/2

[Event "NATO-ch 27th"]
[Site "Shrivenham"]
[Date "2016.08.24"]
[Round "4"]
[White "Kocur, Marc"]
[Black "Picart, Laurent"]
[Result "0-1"]
[WhiteElo "1912"]
[BlackElo "2084"]
[PlyCount "88"]
[EventDate "2016.08.22"]
[EventType "swiss"]
[EventRounds "7"]
[EventCountry "ENG"]
[SourceTitle "EXT 2018"]
[Source "ChessBase"]
[SourceDate "2017.10.13"]
[SourceVersion "1"]
[SourceVersionDate "2017.10.13"]
[SourceQuality "1"]

1. b3 e5 2. Bb2 Nc6 3. e3 Nf6 4. Bb5 Bd6 5. Na3 a6 6. Bxc6 dxc6 7. Nc4 Qe7 8. a4 b5 9. axb5 cxb5 10. Nxd6+ cxd6 11. Qe2 0-0 12. Nf3 Bb7 13. 0-0 Rfc8 14. Rfc1 Nd7 15. e4 Nc5 16. d3 f6 17. Nh4 b4 18. Qg4 d5 19. f4 d4 20. fxe5 fxe5 21. Nf5 Qc7 22. Rf1 Rf8 23. Rf3 Rae8 24. Raf1 g6 25. Nxd4 exd4 26. Rxf8+ Rxf8 27. Rxf8+ Kxf8 28. Bxd4 Bc8 29. Qf3+ Ke8 30. Qf6 Ne6 31. Qh8+ Kd7 32. Qxh7+ Kd6 33. Qxg6 Qxc2 34. e5+ Kc7 35. Qh7+ Bd7 36. Bb6+ Kc6 37. Be3 Qxb3 38. Qe4+ Kc7 39. d4 Bc6 40. Qh7+ Kb6 41. Qh3 Bd5 42. g4 Qd1+ 43. Kf2 b3 44. g5 b2 0-1

[Event "NATO-ch 27th"]
[Site "Shrivenham"]
[Date "2016.08.23"]
[Round "2"]
[White "Kocur, Marc"]
[Black "Wong, Guoruey"]
[Result "1-0"]
[WhiteElo "1912"]
[BlackElo "1649"]
[PlyCount "47"]
[EventDate "2016.08.22"]
[EventType "swiss"]
[EventRounds "7"]
[EventCountry "ENG"]
[SourceTitle "EXT 2018"]
[Source "ChessBase"]
[SourceDate "2017.10.13"]
[SourceVersion "1"]
[SourceVersionDate "2017.10.13"]
[SourceQuality "1"]

1. Nf3 Nf6 2. b3 c5 3. Bb2 Nc6 4. e3 d5 5. Bb5 a6 6. Bxc6+ bxc6 7. Ne5 Qc7 8. 0-0 e6 9. f4 Bd6 10. d3 0-0 11. Nd2 Nd7 12. Qh5 f6 13. Ng4 e5 14. Rf3 Rf7 15. Rh3 Nf8 16. f5 a5 17. Nf3 a4 18. Nh4 axb3 19. cxb3 Ra6 20. Rg3 Kh8 21. Ng6+ Kg8 22. Nh6+ gxh6 23. Ne7+ Kh8 24. Rg8# 1-0

[Event "Goch op 26th"]
[Site "Goch"]
[Date "2015.09.06"]
[Round "7"]
[White "Kocur, Marc"]
[Black "Goossens, Hanne"]
[Result "1/2-1/2"]
[WhiteElo "1915"]
[BlackElo "2209"]
[PlyCount "95"]
[EventDate "2015.09.03"]
[EventType "swiss"]
[EventRounds "7"]
[EventCountry "GER"]
[SourceTitle "EXT 2018"]
[Source "ChessBase"]
[SourceDate "2017.10.13"]
[SourceVersion "1"]
[SourceVersionDate "2017.10.13"]
[SourceQuality "1"]

1. Nf3 f5 2. d4 Nf6 3. Nc3 d6 4. Bg5 Nbd7 5. d5 Ne5 6. e4 fxe4 7. Nxe5 dxe5 8. Bb5+ Bd7 9. 0-0 Bxb5 10. Nxb5 a6 11. Nc3 g6 12. f3 exf3 13. Qxf3 Bg7 14. Bxf6 exf6 15. Ne4 0-0 16. Nc5 Qd6 17. Ne6 Rf7 18. c4 b6 19. Qh3 Re8 20. a3 b5 21. b3 c6 22. Rfd1 bxc4 23. bxc4 cxd5 24. cxd5 Rb7 25. Rac1 Bf8 26. Qh4 Rxe6 27. dxe6 Qxe6 28. Qe4 Qe7 29. Qc4+ Qf7 30. Qxa6 Kg7 31. a4 e4 32. Qc4 Qxc4 33. Rxc4 f5 34. Rdc1 Kf6 35. a5 Bh6 36. a6 Be3+ 37. Kf1 Rd7 38. Rb1 Ra7 39. Ra4 h5 40. Rb7 Ra8 41. a7 Kg5 42. Ke2 Bg1 43. h3 h4 44. Ra6 Kf4 45. Rxg6 Rxa7 46. Rxa7 Bxa7 47. Rg8 Bd4 48. Rg6 1/2-1/2

[Event "Goch op 26th"]
[Site "Goch"]
[Date "2015.09.06"]
[Round "6"]
[White "Schneider, Reinhold"]
[Black "Kocur, Marc"]
[Result "0-1"]
[WhiteElo "1617"]
[BlackElo "1915"]
[PlyCount "80"]
[EventDate "2015.09.03"]
[EventType "swiss"]
[EventRounds "7"]
[EventCountry "GER"]
[SourceTitle "EXT 2018"]
[Source "ChessBase"]
[SourceDate "2017.10.13"]
[SourceVersion "1"]
[SourceVersionDate "2017.10.13"]
[SourceQuality "1"]

1. Nc3 Nf6 2. e4 Nc6 3. Nf3 d6 4. d4 Bg4 5. Bb5 a6 6. Bxc6+ bxc6 7. Qd3 e6 8. h3 Bh5 9. Bf4 Be7 10. g4 Bg6 11. Nh4 d5 12. Nxg6 hxg6 13. e5 Nxg4 14. Qf3 Nh6 15. 0-0-0 Nf5 16. Qd3 Rh4 17. Be3 Kd7 18. Na4 Qb8 19. Nc5+ Bxc5 20. dxc5 Qb5 21. Qd2 Rb8 22. b3 a5 23. Rdg1 a4 24. Rg4 axb3 25. cxb3 Qa6 26. Rxh4 Nxh4 27. Kb2 Nf3 28. Qc3 Qe2+ 29. Ka1 Rh8 30. h4 Rh5 31. Bd4 Qe4 32. Rd1 Rxh4 33. a4 Nxd4 34. b4 Nc2+ 35. Kb2 Nxb4 36. Kb3 Na6 37. Kb2 Qxa4 38. Ra1 Rb4+ 39. Kc1 Qb5 40. Rxa6 Rc4 0-1

[Event "Goch op 26th"]
[Site "Goch"]
[Date "2015.09.05"]
[Round "5"]
[White "Kocur, Marc"]
[Black "Westermann, Johannes"]
[Result "0-1"]
[WhiteElo "1915"]
[BlackElo "2154"]
[PlyCount "108"]
[EventDate "2015.09.03"]
[EventType "swiss"]
[EventRounds "7"]
[EventCountry "GER"]
[SourceTitle "EXT 2018"]
[Source "ChessBase"]
[SourceDate "2017.10.13"]
[SourceVersion "1"]
[SourceVersionDate "2017.10.13"]
[SourceQuality "1"]

1. Nf3 d5 2. g3 Nf6 3. Bg2 Bf5 4. 0-0 e6 5. c4 c6 6. d4 Bd6 7. Nc3 Nbd7 8. Qb3 b6 9. Re1 h6 10. cxd5 cxd5 11. Nd2 Rc8 12. e4 dxe4 13. Ndxe4 Bb8 14. Qa3 Qe7 15. Qxe7+ Kxe7 16. d5 Nxe4 17. Bxe4 Bxe4 18. Rxe4 e5 19. Re1 f5 20. a4 a6 21. Be3 Rc4 22. Ra3 Bd6 23. Rb3 Bb4 24. Rd1 Kd6 25. Na2 Bc5 26. Bxc5+ Kxc5 27. Rc3 Rxc3 28. Nxc3 Nf6 29. f3 Rd8 30. g4 g6 31. h4 h5 32. gxh5 gxh5 33. Re1 Kd6 34. Rd1 Rc8 35. Kf2 Rc4 36. Rg1 Nxd5 37. Rg6+ Kc5 38. Nxd5 Kxd5 39. b3 Rb4 40. Rh6 Rxb3 41. Rxh5 f4 42. Rh8 Rb2+ 43. Kg1 Kd4 44. Re8 b5 45. Rb8 Ke3 46. h5 Kxf3 47. h6 Rg2+ 48. Kh1 Rg6 49. axb5 Rxh6+ 50. Kg1 axb5 51. Rxb5 e4 52. Re5 e3 53. Re8 Rg6+ 54. Kf1 Rb6 0-1

[Event "Maastricht Limburg op-B 8th"]
[Site "Maastricht"]
[Date "2014.06.07"]
[Round "3"]
[White "Van Zwet, Matthias"]
[Black "Kocur, Marc"]
[Result "1/2-1/2"]
[WhiteElo "1806"]
[BlackElo "1906"]
[PlyCount "45"]
[EventDate "2014.06.06"]
[EventType "swiss"]
[EventRounds "7"]
[EventCountry "NED"]
[SourceTitle "EXT 2015"]
[Source "ChessBase"]
[SourceDate "2014.11.20"]
[SourceVersion "1"]
[SourceVersionDate "2014.11.20"]
[SourceQuality "1"]

1. d4 e6 2. c4 Bb4+ 3. Nc3 Nf6 4. Bg5 h6 5. Bh4 c5 6. d5 Bxc3+ 7. bxc3 Qa5 8. Bxf6 gxf6 9. Qd2 Qd8 10. e4 Qe7 11. Be2 b6 12. Nf3 Bb7 13. 0-0 Na6 14. a4 Qd6 15. a5 Kd8 16. Rfb1 Kc7 17. axb6+ axb6 18. Rb3 Nb8 19. Rxa8 Bxa8 20. Ne1 Nc6 21. Rb2 Na5 22. Nc2 Bc6 23. Na3 1/2-1/2

[Event "Goch op 24th"]
[Site "Goch"]
[Date "2013.09.07"]
[Round "5"]
[White "Kocur, Marc"]
[Black "Vonhoff, Joerg"]
[Result "1-0"]
[WhiteElo "1857"]
[BlackElo "1745"]
[PlyCount "53"]
[EventDate "2013.09.05"]
[EventType "swiss"]
[EventRounds "7"]
[EventCountry "GER"]
[SourceTitle "EXT 2015"]
[Source "ChessBase"]
[SourceDate "2014.11.20"]
[SourceVersion "1"]
[SourceVersionDate "2014.11.20"]
[SourceQuality "1"]

1. Nf3 Nf6 2. g3 c5 3. c4 d6 4. Bg2 Nc6 5. Nc3 Bf5 6. d3 h6 7. e4 Bg4 8. h3 Bd7 9. a3 Qc8 10. Rb1 g5 11. Ng1 Rg8 12. Nge2 Bg7 13. b4 cxb4 14. axb4 Nh7 15. b5 Nd4 16. Nxd4 Bxd4 17. Ne2 Bb6 18. Bb2 Ba5+ 19. Kf1 Nf8 20. Nd4 Bb6 21. Qe2 Ne6 22. Nf5 Rg6 23. h4 gxh4 24. Rxh4 Ng5 25. g4 f6 26. Rxh6 Bxf5 27. Rh8+ 1-0

[Event "Goch op 24th"]
[Site "Goch"]
[Date "2013.09.06"]
[Round "2"]
[White "Kummerow, Heiko"]
[Black "Kocur, Marc"]
[Result "1-0"]
[WhiteElo "2283"]
[BlackElo "1857"]
[PlyCount "49"]
[EventDate "2013.09.05"]
[EventType "swiss"]
[EventRounds "7"]
[EventCountry "GER"]
[SourceTitle "EXT 2015"]
[Source "ChessBase"]
[SourceDate "2014.11.20"]
[SourceVersion "1"]
[SourceVersionDate "2014.11.20"]
[SourceQuality "1"]

1. e4 d6 2. d4 Nf6 3. Nc3 c6 4. f4 Qa5 5. Bd3 Bg4 6. Nf3 e5 7. Be3 Nbd7 8. 0-0 Be7 9. Qe1 Bxf3 10. Rxf3 a6 11. Kh1 b5 12. a4 Qd8 13. Ne2 d5 14. fxe5 dxe4 15. exf6 exf3 16. fxe7 Qxe7 17. Ng3 fxg2+ 18. Kxg2 0-0 19. Nf5 Qe6 20. Qh4 g6 21. d5 cxd5 22. Ne7+ Kh8 23. Bd4+ Ne5 24. Bxg6 fxg6 25. Bxe5+ 1-0

[Event "Maastricht Limburg op-B 7th"]
[Site "Maastricht"]
[Date "2013.05.20"]
[Round "7"]
[White "Den Hartog, Marijn"]
[Black "Kocur, Marc"]
[Result "0-1"]
[WhiteElo "1717"]
[BlackElo "1897"]
[PlyCount "86"]
[EventDate "2013.05.17"]
[EventType "swiss"]
[EventRounds "7"]
[EventCountry "NED"]
[SourceTitle "EXT 2014"]
[Source "ChessBase"]
[SourceDate "2013.11.20"]
[SourceVersion "1"]
[SourceVersionDate "2013.11.20"]
[SourceQuality "1"]

1. e4 d5 2. e5 c5 3. f4 Nc6 4. Nf3 Bg4 5. Bb5 e6 6. Bxc6+ bxc6 7. d3 Bxf3 8. Qxf3 Ne7 9. c4 Nf5 10. 0-0 Rb8 11. Nc3 h5 12. Kh1 g6 13. b3 h4 14. Ba3 Ng3+ 15. Kg1 Nxf1 16. Rxf1 Be7 17. Na4 0-0 18. Qe3 dxc4 19. dxc4 Qa5 20. Bxc5 Bxc5 21. Qxc5 Qxc5+ 22. Nxc5 Rfd8 23. Ne4 Rd4 24. Re1 a5 25. Kf2 Rbd8 26. g3 a4 27. Re3 axb3 28. axb3 Ra8 29. gxh4 Ra2+ 30. Kg3 Rd1 31. Nc3 Rg1+ 32. Kh3 Rf2 33. Rg3 Rh1 34. Rg2 Rxf4 35. Kg3 Rd4 36. Rc2 Re1 37. Ne2 Rd3+ 38. Kf2 Rb1 39. Ra2 Rdxb3 40. Ra8+ Kg7 41. Rc8 Rh3 42. Kg2 Rxh4 43. Rxc6 Re4 0-1

[Event "Goch op 23rd"]
[Site "Goch"]
[Date "2012.09.01"]
[Round "5"]
[White "Kocur, Marc"]
[Black "Molenkamp, Wim"]
[Result "0-1"]
[WhiteElo "1885"]
[BlackElo "2046"]
[PlyCount "100"]
[EventDate "2012.08.30"]
[EventType "swiss"]
[EventRounds "7"]
[EventCountry "GER"]
[SourceTitle "EXT 2015"]
[Source "ChessBase"]
[SourceDate "2014.11.20"]
[SourceVersion "1"]
[SourceVersionDate "2014.11.20"]
[SourceQuality "1"]

1. Nf3 g6 2. c4 Bg7 3. g3 f5 4. Nc3 Nf6 5. Bg2 0-0 6. 0-0 d6 7. d3 e5 8. Qc2 c6 9. Rb1 Nh5 10. b4 f4 11. b5 Rf7 12. bxc6 bxc6 13. Ba3 Bf8 14. c5 fxg3 15. hxg3 Rxf3 16. exf3 d5 17. Rfe1 Bg7 18. Nd1 Nd7 19. Qa4 Qc7 20. Ne3 Nhf6 21. Rec1 Nf8 22. f4 exf4 23. Qxf4 Qxf4 24. gxf4 Ne6 25. Rb4 Bh6 26. Rcb1 Bxf4 27. Bh3 Bc7 28. Rb7 Ng5 29. Bxc8 Rxc8 30. Bb2 Nh5 31. Ng4 d4 32. Bc1 Nf3+ 33. Kf1 Kf7 34. Rxa7 Ke6 35. Rbb7 Bf4 36. Re7+ Kf5 37. Nh6+ Kg5 38. Nf7+ Kg4 39. Bxf4 Nxf4 40. Ne5+ Nxe5 41. Rxe5 Rb8 42. Rxh7 Rb1+ 43. Re1 Rb2 44. Rh2 Kf3 45. Ra1 g5 46. a4 g4 47. Rh7 Rxf2+ 48. Kg1 Ne2+ 49. Kh1 Ng3+ 50. Kg1 Rg2# 0-1

[Event "Goch op 23rd"]
[Site "Goch"]
[Date "2012.08.31"]
[Round "2"]
[White "Haertwig, Sven"]
[Black "Kocur, Marc"]
[Result "1/2-1/2"]
[WhiteElo "1424"]
[BlackElo "1885"]
[PlyCount "61"]
[EventDate "2012.08.30"]
[EventType "swiss"]
[EventRounds "7"]
[EventCountry "GER"]
[SourceTitle "EXT 2015"]
[Source "ChessBase"]
[SourceDate "2014.11.20"]
[SourceVersion "1"]
[SourceVersionDate "2014.11.20"]
[SourceQuality "1"]

1. e4 d6 2. d4 Nf6 3. Nc3 a6 4. Bg5 Nbd7 5. f4 c6 6. e5 dxe5 7. fxe5 Nd5 8. Nxd5 cxd5 9. e6 fxe6 10. Bd3 Qb6 11. Qh5+ Kd8 12. 0-0-0 Nf6 13. Bxf6 exf6 14. Bxh7 Bd7 15. Qg6 Rc8 16. Nf3 Ba4 17. Rd2 Bb4 18. Qxg7 Bxd2+ 19. Nxd2 Re8 20. Qxf6+ Re7 21. Nf3 Qc7 22. b3 Be8 23. g4 Qd6 24. g5 Bh5 25. Ne5 Kc7 26. g6 Kb8 27. g7 Qc7 28. Rg1 Ka7 29. Bd3 Qc3 30. g8Q Qa1+ 31. Kd2 1/2-1/2

[Event "Goch op 23rd"]
[Site "Goch"]
[Date "2012.08.30"]
[Round "1"]
[White "Kocur, Marc"]
[Black "Kabos, Tobias"]
[Result "1/2-1/2"]
[WhiteElo "1885"]
[BlackElo "2251"]
[PlyCount "110"]
[EventDate "2012.08.30"]
[EventType "swiss"]
[EventRounds "7"]
[EventCountry "GER"]
[SourceTitle "EXT 2015"]
[Source "ChessBase"]
[SourceDate "2014.11.20"]
[SourceVersion "1"]
[SourceVersionDate "2014.11.20"]
[SourceQuality "1"]

1. c4 Nf6 2. g3 g6 3. Bg2 Bg7 4. Nc3 0-0 5. Rb1 c5 6. e3 Nc6 7. Nge2 d6 8. d3 Bd7 9. a3 Qc8 10. h3 Nd8 11. Nf4 e6 12. h4 Bc6 13. 0-0 Bxg2 14. Kxg2 Nc6 15. Ne4 Ne5 16. Nxf6+ Bxf6 17. b4 Rd8 18. Bb2 Bg7 19. Qe2 b6 20. f3 Qc7 21. Rfc1 Rac8 22. b5 Qe7 23. Rh1 d5 24. a4 dxc4 25. dxc4 Nxc4 26. Qxc4 Rd2+ 27. Kh3 Bxb2 28. Rxb2 Rxb2 29. Nd3 Rd2 30. Qc3 Rxd3 31. Qxd3 Rd8 32. Qc3 e5 33. Rf1 Qe6+ 34. g4 e4 35. fxe4 h5 36. Rf4 hxg4+ 37. Kg3 Qa2 38. h5 Qd2 39. Qxd2 Rxd2 40. Rxg4 Kh7 41. hxg6+ fxg6 42. e5 Kg7 43. Kf4 Kf7 44. e6+ Kxe6 45. Rxg6+ Kd5 46. e4+ Kc4 47. Rg7 Kb4 48. Rxa7 c4 49. Rc7 Ra2 50. e5 Rxa4 51. e6 Ra2 52. Ke3 Kxb5 53. e7 Ra8 54. Kd4 Re8 55. Kc3 Rh8 1/2-1/2

[Event "Brasschaat op 11th"]
[Site "Brasschaat"]
[Date "2011.08.21"]
[Round "2"]
[White "Kocur, Marc"]
[Black "Van den Brande, Werner"]
[Result "0-1"]
[WhiteElo "1860"]
[BlackElo "2237"]
[PlyCount "116"]
[EventDate "2011.08.20"]
[EventType "swiss"]
[EventRounds "9"]
[EventCountry "BEL"]
[SourceTitle "CBM 144 Extra"]
[Source "ChessBase"]
[SourceDate "2011.10.28"]
[SourceVersion "1"]
[SourceVersionDate "2011.10.28"]
[SourceQuality "1"]

1. d4 Nf6 2. Nf3 g6 3. e3 Bg7 4. Bd3 0-0 5. 0-0 d5 6. b3 c5 7. Bb2 cxd4 8. exd4 Nc6 9. Re1 Bg4 10. Nbd2 Nb4 11. Nf1 Qc7 12. Ba3 Nxd3 13. Qxd3 Rfe8 14. Ng3 Rac8 15. Ne5 Qxc2 16. Qb5 Qc7 17. Rac1 Qb8 18. Nxg4 Nxg4 19. Rxc8 Qxc8 20. Rc1 Qb8 21. Rc7 Bxd4 22. Rxb7 Qd8 23. Bc5 Bxc5 24. Qxc5 Nf6 25. Qc7 Qxc7 26. Rxc7 a5 27. Kf1 e5 28. f3 e4 29. fxe4 dxe4 30. Rc5 Ra8 31. a4 Kf8 32. Ke2 Rb8 33. Rxa5 Rxb3 34. Rb5 Ra3 35. a5 h5 36. Nf1 Ra2+ 37. Nd2 e3 38. Kxe3 Ng4+ 39. Kd3 Nxh2 40. Nc4 Ng4 41. Kd4 h4 42. Rb2 Ra1 43. Kc5 Nf6 44. Kb5 Nd5 45. Kc6 Nc3 46. Rb3 Ne4 47. Kb6 g5 48. Rb5 Rc1 49. Na3 f6 50. a6 Nd6 51. Rd5 Ke7 52. Rd4 Nc8+ 53. Kb7 Nd6+ 54. Rxd6 Kxd6 55. Nb5+ Ke5 56. Nc7 Rb1+ 57. Kc6 Ra1 58. Kb5 g4 0-1